00000000nas 22000008i 4500
0019.913471
003CaOODSP
00520240213105120
006m    go  d f      
007cr |||||||||||
008220715c20059999nkc x m o    f0   b0fre|d
040 |aCaOODSP|bfre|erda|cCaOODSP
043 |an-cn---
0861 |aFo103-4F-PDF
24500|aFeuillet de renseignements sur un ravageur / |cService canadien des forêts, Centre de foresterie de l'Atlantique.
264 1|aFredericton, N-B : |bRessources naturelles Canada = Natural Resources Canada, |c2005-
310 |aIrrégulier
336 |atexte|btxt|2rdacontent/fre
337 |ainformatique|bc|2rdamedia/fre
338 |aressource en ligne|bcr|2rdacarrier/fre
3621 |aParaît depuis N° 1 (2005).
500 |aPublié aussi en anglais sous le titre : Pest notes.
650 6|aAnimaux et plantes nuisibles|xLutte contre|zCanada.
650 6|aArbres|xMaladies et fléaux|zCanada.
7102 |aService canadien des forêts, |eorganisme de publication.
7102 |aCentre de foresterie de l'Atlantique, |eorganisme de publication.
77508|tPest notes / |w(CaOODSP)9.913463
7760#|tNotes sur les ravageurs / |w(CaOODSP)9.513633